000 00450nam a2200157 a 4500
005 20140412111425.0
008 090224s19uu xx 00 eng d
020 _a971-518-114-3
050 _aFil E
_bMo86 2006
100 _aPastor, Boots
245 _aThe Mouse and the lion: Ang Dagat at ang leon /
_cBoots S.A. Pastor.
260 _aPhilippines :
_bLampara,
_c2006.
300 _aunp.
440 _aStories with moral lessons
999 _c106212
_d106212